| 000 | 00678nam a2200217 a 4500 | ||
|---|---|---|---|
| 005 | 20240925064335.0 | ||
| 008 | 021107s2000 mx r 000 0 spa d | ||
| 020 | _a9684972083 | ||
| 035 | _aUPN01000120852 | ||
| 049 | _aCG | ||
| 050 | 4 |
_aBF576 _bS5.48 |
|
| 100 | 1 | _aShapiro, Lawrence E. | |
| 245 | 1 | 3 |
_aLa inteligencia emocional de los niños / _cLawrence E. Shapiro ; tr. Alejandro Tiscornia. |
| 260 |
_aMéxico : _bJavier Vergara, _c2000. |
||
| 300 | _a305 p. | ||
| 534 |
_pTraducción de: _tHow to rise a child with a high EQ |
||
| 650 | 7 |
_aInteligencia emocional _2 _91394 |
|
| 650 | 4 |
_aPsicoterapia infantil _915 |
|
| 650 | 4 |
_aNiño, Estudio del _9221 |
|
| 905 | _aLibro | ||
| 999 |
_c93181 _d93181 |
||